Guidance manual for preparation and review of removal credit applications.

Bibliographic Details
Corporate Author: United States. Environmental Protection Agency. Office of Water Enforcement and Permits. Permits Division
Format: Government Document Book
Language:English
Published: Washington, D.C. : U.S. Environmental Protection Agency, Permits Division, 1985.
Subjects:

MARC

Tag First Indicator Second Indicator Subfields
LEADER 00000cam a2200000 a 4500
001 in00000864413
005 20151019090618.0
008 851020s1985 dcu b f00000 eng d
010 |a gp 87011023  
035 |a (OCoLC)12719863 
035 |9 AEF9577AM 
040 |a GWL  |c GWL  |d GPO  |d UtOrBLW 
043 |a n-us--- 
074 |a 431-K 
086 0 |a EP 1.8:C 86 
245 0 0 |a Guidance manual for preparation and review of removal credit applications. 
264 1 |a Washington, D.C. :  |b U.S. Environmental Protection Agency, Permits Division,  |c 1985. 
300 |a 1 volume (various pagings) ;  |c 28 cm. 
336 |a text  |b txt  |2 rdacontent 
337 |a unmediated  |b n  |2 rdamedia 
338 |a volume  |b nc  |2 rdacarrier 
500 |a Cover title. 
500 |a "July 1985." 
504 |a Bibliography: pages 3-41 - 3-42. 
650 0 |a Sewage disposal plants  |x Environmental aspects  |z United States. 
710 1 |a United States.  |b Environmental Protection Agency.  |b Office of Water Enforcement and Permits.  |b Permits Division. 
999 |a MARS 
999 f f |s ad914760-c477-3b9d-9d31-067e689369b0  |i 4f2baec4-7ba4-31f9-88ff-c22bafa767fb  |t 0 
952 f f |p normal  |a Texas A&M University  |b College Station  |c Sterling C. Evans Library  |d Evans: US Documents (Annex 5th floor)  |t 0  |e EP 1.8:C 86  |h Superintendent of Documents classification  |i unmediated -- volume  |m A14814797771 
998 f f |a EP 1.8:C 86  |t 0  |l Evans: US Documents (Annex 5th floor)